书目信息 |
| 题名: |
老挝与“一带一路”
|
|
| 作者: | 张海冰 , 周太东 著 | |
| 分册: | ||
| 出版信息: | 北京 时事出版社 2018 |
|
| 页数: | 150页 | |
| 开本: | 24cm | |
| 丛书名: | ||
| 单 册: | ||
| 中图分类: | F125.533.4 | |
| 科图分类: | ||
| 主题词: | 区域经济合作--qu yu jing ji he zuo--国际合作--研究--中国--老挝 | |
| 电子资源: | ||
| ISBN: | 978-7-5195-0152-5 | |
| 000 | 01324nam0 2200277 450 | |
| 001 | 012001010345 | |
| 005 | 20131101155959.0 | |
| 010 | @a978-7-5195-0152-5@dCNY60.00 | |
| 099 | @aCAL 012018022349 | |
| 100 | @a20180108d2018 em y0chiy50 ea | |
| 101 | 0 | @achi |
| 102 | @aCN@b110000 | |
| 105 | @aak a 000yy | |
| 106 | @ar | |
| 200 | 1 | @a老挝与“一带一路”@Alao wo yu “yi dai yi lu ”@d= Laos and the Belt and Road initiative@f张海冰, 周太东等著@zeng |
| 210 | @a北京@c时事出版社@d2018 | |
| 215 | @a150页@c图@d24cm | |
| 320 | @a有书目 | |
| 330 | @a“一带一路”倡议正获得越来越多的国际认同和参与, 共商、共享和共建的原则让这一倡议的全球性特征日益显现。作为“一带一路”沿线国家, 老挝是最先受益的周边邻国之一。正在建设中的中老铁路, 助力老挝从内陆国家向陆路联通国家发展战略的实现。本书主要从中老外交关系、贸易关系、投资、发展援助、泰老合作等角度, 就中国和老挝开展发展合作进行分析。本书只是我们认识老挝这个国家的开始, 因为这个有着佛教传统的国家, 恬静平和, 但是谁也不能低估其所能迸发的发展潜力。 | |
| 510 | 1 | @aLaos and the Belt and Road initiative@zeng |
| 606 | 0 | @a区域经济合作@Aqu yu jing ji he zuo@x国际合作@x研究@y中国@y老挝 |
| 690 | @aF125.533.4@v5 | |
| 701 | 0 | @a张海冰@Azhang hai bing@4著 |
| 701 | 0 | @a周太东@Azhou tai dong@4著 |
| 801 | 2 | @aCN@b上海新华@c20191020 |
| 905 | @b1181373-6@dF125.533.4@e364@f4 | |
| 老挝与“一带一路”= Laos and the Belt and Road initiative/张海冰, 周太东等著.-北京:时事出版社,2018 |
| 150页:图;24cm |
| ISBN 978-7-5195-0152-5:CNY60.00 |
| “一带一路”倡议正获得越来越多的国际认同和参与, 共商、共享和共建的原则让这一倡议的全球性特征日益显现。作为“一带一路”沿线国家, 老挝是最先受益的周边邻国之一。正在建设中的中老铁路, 助力老挝从内陆国家向陆路联通国家发展战略的实现。本书主要从中老外交关系、贸易关系、投资、发展援助、泰老合作等角度, 就中国和老挝开展发展合作进行分析。本书只是我们认识老挝这个国家的开始, 因为这个有着佛教传统的国家, 恬静平和, 但是谁也不能低估其所能迸发的发展潜力。 |
| ● |
| 相关链接 |
|
|
|
|
正题名:老挝与"一带一路"
索取号:F125.533.4/364
 
预约/预借
| 序号 | 登录号 | 条形码 | 馆藏地/架位号 | 状态 | 备注 |
| 1 | 1181373 | 211813732 | 第一样本阅览室/ [索取号:F125.533.4/364] | 在馆 | |
| 2 | 1181374 | 211813741 | 第一借阅区/ [索取号:F125.533.4/364] | 在馆 | |
| 3 | 1181375 | 211813750 | 第一借阅区/ [索取号:F125.533.4/364] | 在馆 | |
| 4 | 1181376 | 211813769 | 第一借阅区/ [索取号:F125.533.4/364] | 在馆 |